Guess the billie eilish song #1 - Statistics

General Stats
  • This quiz has been taken 165 times
  • The average score is 177 of 305
Answer Stats
Lyrics % Correct
I
100%
You
92%
you
92%
you?)
92%
a
90%
the
83%
an
80%
me
79%
no
75%
to
75%
your
75%
be
72%
don't
72%
(Don't
72%
I'm
72%
and
71%
And
71%
was
70%
it
68%
on
67%
so
67%
So
67%
for
66%
were
66%
you're
65%
know
64%
Like
64%
like
64%
Did
62%
did
62%
in
62%
that
62%
(What
61%
but
60%
But
60%
Could
55%
just
54%
now
54%
now)
54%
of
53%
by
52%
there
52%
think
52%
(Think
52%
cause
51%
cause)
51%
time
51%
mine
50%
all
49%
would
49%
got
48%
had
48%
last
48%
this
48%
lost
46%
nothin'
45%
care
44%
care?
44%
even
44%
if
44%
(It's
43%
job
43%
maybe
43%
Maybe
43%
didn't
42%
right
42%
Thought
42%
used
42%
ain't
41%
once
41%
them
41%
way
41%
nothing
40%
that's
40%
wish
40%
Wish
40%
flowers
39%
really
37%
such
37%
wrong
37%
day
36%
weren't
36%
fine
35%
mind
35%
outlaw
35%
shower
35%
easy
34%
find
34%
air
33%
Gave
33%
left
33%
losing
33%
stairs
33%
track
33%
get
32%
Someone
32%
waitin'
32%
You'd
32%
before
31%
damn
31%
Something's
31%
always
30%
'bout
30%
tell
30%
ran
29%
realized
29%
sent
29%
shit
29%
gone
28%
anywhere
27%
hours
27%
proved
26%
thinkin'
26%
together
26%
yourself
26%
shy
25%
straw
23%
aware
22%
would've
21%
eventually
19%
wondered
19%
grown
17%
face
13%
complacent)
12%
No matching quizzes found
Score Distribution
Percent of People with Each Score
Percentile by Number Answered
Your Score History
You have not taken this quiz